Learning Resource and Development

Library automation in computer science (Record no. 5085)

MARC details
000 -LEADER
fixed length control field 00777nam a22002537a 4500
005 - DATE AND TIME OF LATEST TRANSACTION
control field 20230512222225.0
008 - FIXED-LENGTH DATA ELEMENTS--GENERAL INFORMATION
fixed length control field 180529t xxu||||| |||| 00| 0 eng d
020 ## - INTERNATIONAL STANDARD BOOK NUMBER
International Standard Book Number 9789351119661
040 ## - CATALOGING SOURCE
Transcribing agency CSPC
082 0# - DEWEY DECIMAL CLASSIFICATION NUMBER
Classification number 025.078
Item number R140l
100 ## - MAIN ENTRY--PERSONAL NAME
Personal name Ram, M.,
Relator term author.
245 00 - TITLE STATEMENT
Title Library automation in computer science
Statement of responsibility, etc. M. Ram
260 ## - PUBLICATION, DISTRIBUTION, ETC.
Place of publication, distribution, etc. New Delhi:
Name of publisher, distributor, etc. Random Publications,
Date of publication, distribution, etc. 2016.
300 ## - PHYSICAL DESCRIPTION
Extent 272 pages :
Other physical details figures, tables;
Dimensions 24 cm.
500 ## - GENERAL NOTE
General note Includes Index,
504 ## - BIBLIOGRAPHY, ETC. NOTE
Bibliography, etc. note Includes Bibliography pages (269-270).
650 10 - SUBJECT ADDED ENTRY--TOPICAL TERM
Topical term or geographic name entry element Computer science.
650 10 - SUBJECT ADDED ENTRY--TOPICAL TERM
Topical term or geographic name entry element Libraries
General subdivision Automation.
700 1# - ADDED ENTRY--PERSONAL NAME
Personal name Rani, Prabha
Relator term author.
940 ## - EQUIVALENCE OR CROSS-REFERENCE--UNIFORM TITLE [OBSOLETE] [CAN/MARC only]
Uniform title <a href="Lenie">Lenie</a>
942 ## - ADDED ENTRY ELEMENTS (KOHA)
Koha item type
-- CIR 025.078 R140l 2016
Holdings
Withdrawn status Lost status Damaged status Not for loan Home library Current library Shelving location Date acquired Total Checkouts Full call number Barcode Date last seen Copy number Price effective from Koha item type
        Main Library Main Library Circulation Section 05/12/2023   CIR 025.078 R140l 2016 018870 05/12/2023 1-1 05/12/2023 Books